[Event "Titled Tuesday intern op 02nd Aug Late"]
[Site "Chess.com INT"]
[Date "2022.08.02"]
[Round "3"]
[White "Tarigan, Gilbert Elroy"]
[Black "Martinez Reyes, Pedro Ramon"]
[Result "1-0"]
[WhiteElo "2384"]
[BlackElo "2408"]
[PlyCount "153"]
[EventDate "2022.08.02"]
[EventType "swiss (blitz)"]
[EventRounds "11"]
[EventCountry "USA"]
[SourceTitle "EXT 2023"]
[Source "ChessBase"]
[SourceDate "2022.10.05"]
[SourceVersion "1"]
[SourceVersionDate "2022.10.05"]
[SourceQuality "1"]

1. d4 f5 2. g4 fxg4 3. Nc3 d5 4. h3 g3 5. fxg3 Nf6 6. Bg2 c5 7. e3 Nc6 8. Nge2 e6 9. 0-0 Bd6 10. Na4 c4 11. b3 b5 12. Nc5 0-0 13. a4 cxb3 14. axb5 bxc2 15. Qxc2 Nb4 16. Qb1 a5 17. bxa6 Nxa6 18. Nb7 Bxb7 19. Qxb7 Nc7 20. Bd2 Qd7 21. Rfb1 Rxa1 22. Rxa1 Qb5 23. Qxb5 Nxb5 24. Nf4 Bxf4 25. gxf4 Rc8 26. Bf1 Nc3 27. Bd3 Nfe4 28. Be1 Rb8 29. Ra3 Nd1 30. Bc2 Nb2 31. Ra6 Nc4 32. Rxe6 Nxe3 33. Bxe4 dxe4 34. Rxe4 Nf5 35. Ba5 Rb2 36. Bc7 Kf7 37. d5 Rd2 38. Re5 g6 39. d6 Nxd6 40. Bxd6 Rxd6 41. Kg2 Rd3 42. Re2 Kf6 43. Re5 h5 44. Ra5 h4 45. Rg5 Ra3 46. Rg4 Kf5 47. Rxh4 Ke4 48. Rg4 Ra6 49. Kg3 Kf5 50. Rg5+ Kf6 51. Rb5 Ra1 52. Rb6+ Kf5 53. Rb5+ Kf6 54. Rb2 Rg1+ 55. Kf3 Rf1+ 56. Rf2 Rh1 57. Kg2 Ra1 58. Kg3 Kf5 59. Rf3 Rg1+ 60. Kh4 Rg2 61. Rg3 Rb2 62. Rg5+ Kf6 63. Ra5 Rf2 64. Kg4 Rg2+ 65. Kf3 Rb2 66. Kg3 Kg7 67. Ra6 Rb5 68. Kg4 Kh6 69. h4 Rf5 70. Re6 Rb5 71. Re5 Rb1 72. Re6 Rg1+ 73. Kf3 Kh5 74. Rf6 Kxh4 75. f5 Kg5 76. Rxg6+ Kxf5 77. Rxg1 1-0

[Event "Titled Tuesday intern op 02nd Aug Late"]
[Site "Chess.com INT"]
[Date "2022.08.02"]
[Round "1"]
[White "Tarigan, Gilbert Elroy"]
[Black "Ward, Ieuan C"]
[Result "1-0"]
[WhiteElo "2384"]
[BlackElo "2028"]
[PlyCount "111"]
[EventDate "2022.08.02"]
[EventType "swiss (blitz)"]
[EventRounds "11"]
[EventCountry "USA"]
[SourceTitle "EXT 2023"]
[Source "ChessBase"]
[SourceDate "2022.10.05"]
[SourceVersion "1"]
[SourceVersionDate "2022.10.05"]
[SourceQuality "1"]

1. d4 Nf6 2. c4 e6 3. Nf3 b6 4. Nc3 Bb7 5. Bg5 h6 6. Bh4 Bb4 7. Qb3 Bxc3+ 8. Qxc3 g5 9. Bg3 d6 10. Nd2 Ne4 11. Nxe4 Bxe4 12. h4 g4 13. f3 Bf5 14. e4 Bg6 15. h5 Bh7 16. Bd3 gxf3 17. gxf3 Qf6 18. Be2 Nc6 19. 0-0-0 0-0-0 20. Bh4 Qf4+ 21. Kb1 Rdg8 22. c5 Nb8 23. cxd6 Qxd6 24. Bf6 Nd7 25. Ba6+ Kb8 26. Bxh8 Rxh8 27. d5 e5 28. Qc6 Nc5 29. Bc4 f5 30. exf5 Bxf5+ 31. Ka1 Rf8 32. b4 Qxc6 33. dxc6 Na4 34. Rhg1 Nc3 35. Rd2 b5 36. Rg8 Rxg8 37. Bxg8 a5 38. bxa5 Ka7 39. Rd7 Kb8 40. Rf7 Be6 41. Rf8+ Ka7 42. Bxe6 Ka6 43. Rf6 Kxa5 44. Rxh6 Ne2 45. Rg6 Nd4 46. Kb2 Nxf3 47. h6 Ng5 48. Rxg5 Ka4 49. h7 b4 50. h8Q b3 51. Bxb3+ Kb4 52. Rg4+ Kc5 53. Qxe5+ Kxc6 54. Qd5+ Kb6 55. Rb4+ Ka7 56. Qa5# 1-0

[Event "Titled Tuesday intern op 26th Jul Early"]
[Site "Chess.com INT"]
[Date "2022.07.26"]
[Round "1"]
[White "Tarigan, Gilbert Elroy"]
[Black "Shailendra, K Bajpai"]
[Result "1-0"]
[WhiteElo "2384"]
[BlackElo "2227"]
[PlyCount "45"]
[EventDate "2022.07.26"]
[EventType "swiss (blitz)"]
[EventRounds "11"]
[EventCountry "USA"]
[SourceTitle "EXT 2023"]
[Source "ChessBase"]
[SourceDate "2022.10.05"]
[SourceVersion "1"]
[SourceVersionDate "2022.10.05"]
[SourceQuality "1"]

1. Nf3 c5 2. e4 d6 3. d4 cxd4 4. Nxd4 Nf6 5. Nc3 g6 6. g3 Bg7 7. Bg2 0-0 8. 0-0 Nc6 9. Nde2 Bd7 10. h3 a6 11. a4 Rb8 12. Be3 b5 13. axb5 axb5 14. Nd5 Nxd5 15. exd5 Ne5 16. b3 Ra8 17. Rxa8 Qxa8 18. f4 Bh6 19. Qd2 Nc6 20. dxc6 Bxc6 21. Nd4 Bxg2 22. Qxg2 Qa2 23. c4 1-0

[Event "Titled Tuesday intern op 05th Jul Early"]
[Site "Chess.com INT"]
[Date "2022.07.05"]
[Round "4"]
[White "Tarigan, Gilbert Elroy"]
[Black "Nozdrachev, Leonid"]
[Result "1-0"]
[WhiteElo "2384"]
[BlackElo "2387"]
[PlyCount "115"]
[EventDate "2022.07.05"]
[EventType "swiss (blitz)"]
[EventRounds "11"]
[EventCountry "USA"]
[SourceTitle "CBM 209 Extra"]
[Source "ChessBase"]
[SourceDate "2022.09.30"]
[SourceVersion "1"]
[SourceVersionDate "2022.09.30"]
[SourceQuality "1"]

1. d4 Nf6 2. c4 e5 3. dxe5 Ng4 4. Bf4 Nc6 5. Nf3 Bb4+ 6. Nbd2 Qe7 7. a3 Ngxe5 8. Nxe5 Nxe5 9. e3 Bxd2+ 10. Qxd2 d6 11. Be2 h5 12. Rc1 g5 13. Bxe5 Qxe5 14. Qc3 Qxc3+ 15. Rxc3 b6 16. Bf3 Rb8 17. h4 g4 18. Bc6+ Bd7 19. Bxd7+ Kxd7 20. Ke2 Rhe8 21. Rd1 Re5 22. Rd4 Rbe8 23. Rf4 f5 24. Rd3 a5 25. b3 Ke6 26. Rfd4 Kf6 27. Kd2 Re4 28. Rd5 R8e5 29. Rxe5 Kxe5 30. Rd5+ Ke6 31. Ke2 a4 32. Rb5 axb3 33. Kd3 g3 34. f4 d5 35. cxd5+ Kd6 36. Ke2 Ra4 37. Rxb3 Kxd5 38. Rb5+ Kc4 39. Rxf5 Rxa3 40. Rxh5 b5 41. Rh7 c5 42. h5 b4 43. Rb7 Ra6 44. Kf3 Kc3 45. e4 b3 46. e5 c4 47. f5 Kb2 48. f6 c3 49. f7 Ra8 50. e6 c2 51. Rc7 c1Q 52. Rxc1 Kxc1 53. e7 b2 54. e8Q Ra3+ 55. Kg4 b1Q 56. Qe1+ Kb2 57. Qxb1+ Kxb1 58. f8Q 1-0

[Event "Titled Tuesday intern op 21st Jun Late"]
[Site "Chess.com INT"]
[Date "2022.06.21"]
[Round "2"]
[White "Tarigan, Gilbert Elroy"]
[Black "Sanchez, Roberto Daniel"]
[Result "1-0"]
[WhiteElo "2384"]
[BlackElo "1974"]
[PlyCount "91"]
[EventDate "2022.06.21"]
[EventType "swiss (blitz)"]
[EventRounds "11"]
[EventCountry "USA"]
[SourceTitle "EXT 2023"]
[Source "ChessBase"]
[SourceDate "2022.10.05"]
[SourceVersion "1"]
[SourceVersionDate "2022.10.05"]
[SourceQuality "1"]

1. d4 d5 2. Bf4 Nf6 3. e3 c6 4. Nf3 h6 5. Nbd2 Nh5 6. Be5 Nd7 7. h3 Nxe5 8. dxe5 g6 9. c4 e6 10. Bd3 Be7 11. Qc2 0-0 12. c5 Bd7 13. 0-0 b6 14. Nb3 Ng7 15. Nfd4 Qc7 16. f4 Nf5 17. Bxf5 exf5 18. Rac1 Rac8 19. Qd2 f6 20. e6 Be8 21. Rc2 Qb7 22. Rfc1 Kh7 23. Rc3 Rg8 24. Qc2 b5 25. Na5 Qc7 26. b4 g5 27. Qf2 g4 28. Nxf5 gxh3 29. g3 Bg6 30. Nd4 Be4 31. Kh2 f5 32. Naxc6 Bf6 33. Rg1 Rg7 34. Ne5 Rcg8 35. Nxb5 Qb8 36. a4 Bxe5 37. fxe5 Qxe5 38. Qf4 Qxe6 39. Nd4 Qf6 40. c6 Rg4 41. Qf2 h5 42. c7 h4 43. c8Q hxg3+ 44. Rxg3 Rxg3 45. Rc7+ Kh8 46. Qxg3 1-0

[Event "Titled Tuesday intern op 14th Jun Late"]
[Site "Chess.com INT"]
[Date "2022.06.14"]
[Round "6"]
[White "Paravyan, David"]
[Black "Tarigan, Gilbert Elroy"]
[Result "1-0"]
[WhiteElo "2620"]
[BlackElo "2384"]
[PlyCount "65"]
[EventDate "2022.06.14"]
[EventType "swiss (blitz)"]
[EventRounds "11"]
[EventCountry "USA"]
[SourceTitle "EXT 2023"]
[Source "ChessBase"]
[SourceDate "2022.10.05"]
[SourceVersion "1"]
[SourceVersionDate "2022.10.05"]
[SourceQuality "1"]

1. e4 c5 2. Nf3 Nc6 3. d4 cxd4 4. Nxd4 Nf6 5. Nc3 e5 6. Ndb5 d6 7. Bg5 a6 8. Na3 b5 9. Nd5 Be7 10. Bxf6 Bxf6 11. c3 Rb8 12. Nc2 Bg5 13. a4 bxa4 14. Ncb4 Bd7 15. Bxa6 Nxb4 16. Nxb4 0-0 17. 0-0 Qb6 18. Bd3 Ra8 19. Bc2 a3 20. bxa3 Rfc8 21. Bb3 Be6 22. Bxe6 fxe6 23. Qg4 Bd2 24. Qxe6+ Kh8 25. Rad1 Bxc3 26. Rxd6 Qc5 27. Nd5 Bd4 28. Ne7 Re8 29. Rd7 Qc2 30. Qf7 Rg8 31. Nxg8 Rxg8 32. Re7 Qb2 33. Re8 1-0